|
|
|
|
| LEADER |
02183nam a2200469 a 4500 |
| 001 |
000352025 |
| 003 |
CZ BrMZK |
| 005 |
20181002063449.0 |
| 007 |
ta |
| 008 |
980115s1998 xr e p cze d |
| 015 |
|
|
|a cnb000388530
|
| 020 |
|
|
|a 80-210-1885-2
|q (Masarykova univerzita ;
|q brož.)
|
| 020 |
|
|
|a 80-7239-018-X
|q (Doplněk ;
|q brož.)
|
| 035 |
|
|
|a (OCoLC)42029455
|
| 040 |
|
|
|a BOA001
|b cze
|
| 072 |
|
7 |
|a 34
|x Právo
|2 Konspekt
|9 16
|
| 072 |
|
7 |
|a 37.016
|x Učební osnovy. Vyučovací předměty. Učebnice
|2 Konspekt
|9 22
|
| 080 |
|
|
|a 34(091)
|2 MRF
|
| 080 |
|
|
|a (075.8)
|2 MRF
|
| 100 |
1 |
|
|a Židlická, Michaela,
|d 1952-
|7 jn20001227317
|4 aut
|
| 245 |
1 |
0 |
|a Právní dějiny.
|n 1,
|p Starověk /
|c Michaela Židlická, Karel Schelle
|
| 246 |
3 |
0 |
|a Starověk
|
| 250 |
|
|
|a Vyd. 1.
|
| 260 |
|
|
|a Brno :
|b Masarykova univerzita,
|c 1998
|
| 300 |
|
|
|a 274 s. ;
|c 20 cm
|
| 490 |
1 |
|
|a Edice učebnic Právnické fakulty Masarykovy univerzity v Brně ;
|v sv. 200
|
| 500 |
|
|
|a Bibliogr.
|
| 500 |
|
|
|a Dostupné též v digitální podobě v aplikaci Kramerius
|
| 650 |
0 |
7 |
|a právní dějiny
|7 ph164957
|y starověk
|2 czenas
|
| 655 |
|
7 |
|a učebnice vysokých škol
|7 fd133772
|2 czenas
|
| 700 |
1 |
|
|a Schelle, Karel,
|d 1952-2026
|7 jn99240001045
|4 aut
|
| 710 |
2 |
|
|a Masarykova univerzita.
|b Právnická fakulta
|7 kn20010709280
|
| 830 |
|
0 |
|a Edice učebnic Právnické fakulty Masarykovy univerzity v Brně
|
| 856 |
4 |
1 |
|u https://www.digitalniknihovna.cz/mzk/uuid/uuid:7b66c000-c643-11e8-bbaa-005056827e52
|y Digitalizovaný dokument
|x NDK
|
| 910 |
|
|
|a BOA001
|b 2-1049.785,1
|b PK-0131.711,1
|
| 920 |
|
|
|a 000405461
|
| 990 |
|
|
|a BK
|
| 996 |
7 |
|
|b 2610078385
|c 2-1049.785,1
|l MZK
|r Sklad / do 1 hodiny
|n 25
|p p.v.
|w 000352025
|u 000010
|a 1
|e BOA001
|j MZK50
|s A
|
| 996 |
6 |
|
|b 2610085544
|c 2-1049.785,1
|l MZK
|r HSS 4p
|n 10
|p p.v.
|h 34 PRÁ
|w 000352025
|u 000020
|a 0
|e BOA001
|j MZK50
|s P
|
| 996 |
7 |
|
|b 2610087886
|c 2-1049.785,1
|l MZK
|r Sklad / do 1 hodiny
|n 15
|p kup
|w 000352025
|u 000030
|a 1
|e BOA001
|j MZK50
|s A
|
| 996 |
7 |
|
|b 2610087887
|c 2-1049.785,1
|l MZK
|r Sklad / do 1 hodiny
|n 41
|w 000352025
|u 000040
|a 1
|e BOA001
|j MZK50
|s A
|
| 996 |
7 |
|
|b 3119016213
|c PK-0131.711,1
|l MZK
|r Sklad / do 1 hodiny
|n 16
|p kup
|w 000352025
|u 000050
|a 1
|e BOA001
|j MZK50
|s A
|